000 01249 a2200229 4500
003 Nust
005 20170207165829.0
010 _a 99042977
020 _a0471178691 (cloth : alk. paper)
035 _a(DLC) 99042977
040 _cNust
082 0 0 _a621.382
100 1 _aHaykin, Simon S.,
245 1 0 _aCommunication systems E-Book
_cSimon Haykin.
250 _a4th ed.
260 _aNew York :
_bWiley,
_cc2001.
300 _axviii, 816 p. :
_bill. ;
_c26 cm.
505 _aBackground and Preview (Page-1),Chapter 1- Random Proxess (Page-31),Chapter 2- Continous – Waves Modulation (Page-88),Chapter 3- Pulse Modulation (Page-183), Chapter 4-Baseband Pulse Transmission (Page-247), Chapter 5- Signal –Space Anlysis (Page-309), Chapter 6- Passband Digital Transmission (Page-344), Chapter 7- Spread Spectrum Modulation (Page-479), Chapter 8- Multiuser Radio Communication (Page-512), Chapter 9- Foundmentals Limits in Information Theory (Page-567), Chapter 10 – Error Control Coding (Page-626).
650 0 _aTelecommunications engineering - (E-BOOK)
856 4 2 _3Publisher description
_uhttp://www.loc.gov/catdir/description/wiley032/99042977.html
856 4 2 _3Table of Contents
_uhttp://www.loc.gov/catdir/toc/onix02/99042977.html
942 _2ddc
_cBK
999 _c213178
_d213178